ბათუმის შოთა რუსთაველის სახელმწიფო უნივერსიტეტის ბიბლიოთეკა

სატყეო-ტექნიკური ტერმინოლოგია= Лесо-техническая терминология :რუსულ-ქართული და ქართულ-რუსული ნაწილები / (ბიბ.ჩანაწერი № 38053)

000 -ლიდერი
ფიქსირებული სიგრძის საკონტროლო ველი 01331nam a2200217Ia 4500
001 - საკონტროლო ნომერი
საკონტროლო ველი 4039
003 - საკონტროლო ნომრის იდენტიფიკატორი
საკონტროლო ველი GE_BSU
005 - ბოლო ოპერაციის თარიღი და დრო
საკონტროლო ველი 20190514152327.0
008 - ფიქსირებული სიგრძის მონაცემთა ელემენტები - ზოგადი ინფორმაცია
ფიქსირებული სიგრძის საკონტროლო ველი 181216s1968|||| |||||||||||||| ||geo||
040 ## - კატალოგიზაციის წყარო
Transcribing agency GE_BSU
041 ## - ენის კოდი
Language code of text/sound track or separate title geo
080 ## - უნივერსალური ათობითი კლასიფიკაციის ინდექსი
Universal Decimal Classification number 630(035.5) ს-31
245 ## - ცნობა სათაურის შესახებ
Title სატყეო-ტექნიკური ტერმინოლოგია= Лесо-техническая терминология :რუსულ-ქართული და ქართულ-რუსული ნაწილები /
Statement of responsibility, etc შემდგ : რ.ახვლედიანი ; პ/რედ : ვ.გულისაშვილი ; გ.ჯაბუა ; რ.ღამბაშიძე
264 ## - წარმოების, გამოცემის, დისტრიბუციის და სხვა ცნობები
გამოცემის, წარმოების, დისტრიბუციის... ადგილი თბილისი .:
გამოცემის, წარმოების, დისტრიბუციის... სახელწოდება საბჭოთა საქართველო,
გამოცემის, წარმოების, დისტრიბუციის... თარიღი 1968.
300 ## - ფიზიკური აღწერა
Extent 336 გვ .;
Dimensions 20 სმ.
653 ## - INDEX TERM--UNCONTROLLED
Uncontrolled term სატყეო-ტექნიკური ტერმინოლოგია
700 ## - ADDED ENTRY--PERSONAL NAME
Personal name გულისაშვილი, ვ
Relator term პასუხისმგებელი რედაქტორი
9 (RLIN) 1111
700 ## - ADDED ENTRY--PERSONAL NAME
Personal name ჯაბუა, გ
Relator term პასუხისმგებელი რედაქტორი
9 (RLIN) 1112
700 ## - ADDED ENTRY--PERSONAL NAME
Personal name ღამბაშიძე, რ
Relator term პასუხისმგებელი რედაქტორი
9 (RLIN) 1113
942 ## - ADDED ENTRY ELEMENTS (KOHA)
Koha item type წიგნი
Source of classification or shelving scheme
ეგზემპლარები
ჩამოწერის სტატუსი დაკარგული ეგზემპლარის სტატუსი კლასიფიკაციის წყარო ან თაროზე გაწყობის სქემა დაზიანების სტატუსი არ გაიცემა მუდმივი მდებარეობა (დაცვის ადგილი) ამჟამინდელი ადგილსამყოფელი თაროზე განთავსების ადგილი შეძენის თარიღი სრული შენახვის შიფრი შტრიხკოდი ბოლო ოპერაციის თარიღი ეგზემპლარის მიმდევრობითი ნომერი (კეტერი?) ფასის ძალაში შესვლის თარიღი ეგზემპლარის სახეობა
          ტექნოლოგიური ფაკულტეტის ბიბლიოთეკა ტექნოლოგიური ფაკულტეტის ბიბლიოთეკა წიგნსაცავი 2018-12-17 630(035.5) ს-31 8426 2018-12-17 8426 2018-12-17 წიგნი